Food fundamentals /
Guardado en:
| Autor Principal: | |
|---|---|
| Formato: | Libro |
| Idioma: | English |
| Publicado: |
New York :
Wiley,
c1979.
|
| Edición: | 3rd ed. |
| Materias: | |
| Etiquetas: |
Agregar Etiqueta
Sin Etiquetas, Sea el primero en etiquetar este registro!
|
| LEADER | 00658pam a22002175a 4500 | ||
|---|---|---|---|
| 001 | EIQ.libpla002278 | ||
| 008 | 781212s1979####nyua#####b####001#0#eng#d | ||
| 005 | 20070518194119.0 | ||
| 245 | 1 | 0 | |a Food fundamentals / |c Margaret McWilliams. |
| 250 | |a 3rd ed. | ||
| 260 | |a New York : |b Wiley, |c c1979. | ||
| 300 | |a viii, 670 p. : |b il. ; |c 23 cm. | ||
| 504 | |a Incluye referencias bibliográficas e índice. | ||
| 020 | |a 0471026913 | ||
| 100 | 1 | |a McWilliams, Margaret. | |
| 082 | 0 | 0 | |a 641 |
| 650 | 4 | |a Alimento |x Preparación. | |
| 650 | 4 | |a Food |x Preparation. | |
| 010 | |a 78065888 | ||
| 040 | |a DLC |c DLC |d AR-BbSID | ||
| 859 | |a AR-BbSID |b BIB. PLAPIQUI |h 664.009 |i Mc 256 |p 2341 | ||
